Name the Singer Based on Three of Their Biggest Hits - Statistics

General Stats
  • This quiz has been taken 90 times
  • The average score is 18 of 27
Answer Stats
Biggest Hits Singer % Correct
Shake it Off, Anti-Hero, Love Story Taylor Swift
95%
Shallow, Bad Romance, Poker Face Lady Gaga
92%
California Gurls, Last Friday Night, Dark Horse Katy Perry
91%
Party in the USA, Wrecking Ball, Flowers Miley Cyrus
91%
Single Ladies, Lemonade, Halo Beyoncé
90%
Shape of You, Photograph Ed Sheeran
90%
Umbrella, We Found Love, Rude Boy Rihanna
90%
Hello, All I Ask, Easy on Me Adele
86%
Uptown Funk, Just the Way You Are, That's What I Like Bruno Mars
84%
Watermelon Sugar, As it Was, Fine Line Harry Styles
82%
One Dance, God's Plan, In my Feelings Drake
81%
Good 4 U, Driver's License, Deja Vu Olivia Rodrigo
77%
Espresso, Please Please Please, Nonsense Sabrina Carpenter
71%
New Rules, Levitating, Don't Start Now Dua Lipa
66%
Stitches, Treat You Better, There's Nothing Holding Me Back Shawn Mendes
66%
Since U Been Gone, Stronger, Because of You Kelly Clarkson
65%
So What, Try, Just Give Me a Reason Pink
62%
Havana, Señorita, Bam Bam Camilla Cabello
61%
Die Young, Blow, Tiktoker Kesha
51%
Lose You to Love Me, Calm Down, Love you Like a Love Song Selena Gomez
49%
Attention, Light Switch, One Call Away Charlie Puth
47%
Baby, Peaches, Sorry Justin Beiber
39%
Hot-To-Go, Pink Pony Club, Femininomenon Chapell Roan
35%
Close to You, That's So True, I Miss You I'm Sorry Gracie Abrams
35%
Last Night, Whiskey Glasses, Chasin' You Morgan Wallen
30%
Pink Skies, Revival, Something in the Orange Zach Bryan
22%
I Like it, Dakiti, Mia Bad Bunny
17%
No matching quizzes found
Score Distribution
Percent of People with Each Score
Percentile by Number Answered
Your Score History
You have not taken this quiz